Music Quiz

Random Music or Lyrics Quiz

'Paranoid' (Black Sabbath) Lyrics Quiz Stats

 Plays Quiz not verified by Sporcle

Score 0/137 Timer 08:00
1 Play Today
% Correct
I
97.2%
I
97.2%
I
97.2%
I
97.2%
I
97.2%
I
97.2%
I
97.2%
I
97.2%
I
97.2%
I
97.2%
I
97.2%
I
97.2%
I
97.2%
I
97.2%
my
96.5%
my
96.5%
the
96.5%
my
96.5%
my
96.5%
the
96.5%
the
96.5%
a
96.5%
and
96.5%
and
96.5%
and
96.5%
and
96.5%
&
96.5%
my
96.5%
me
96%
me
96%
me
96%
me
96%
with
94.7%
with
94.7%
help
94.3%
help
94.3%
'cause
92.8%
because
92.8%
you
92.4%
you
92.4%
you
92.4%
you
92.4%
you
92.4%
woman
91.8%
she
91.8%
mind.
90.7%
% Correct
mind
90.7%
Can
90.4%
in
90.4%
could,
90%
think
88.2%
think
88.2%
to
88.2%
think
88.2%
to
88.2%
to
88.2%
to
88.2%
to
88.2%
all
87.9%
All
87.9%
time.
86.6%
I'm
85.7%
Finished
84.4%
am
84.1%
so
83.2%
so
83.2%
People
82.8%
insane
82.8%
see
82.2%
but
81.2%
but
81.2%
things
80.9%
things
80.9%
things
80.9%
of
80.1%
life
80.1%
of
80.1%
life -
80.1%
that
77.4%
that
77.4%
satisfy.
76.6%
nothing
76.3%
will
76.3%
will
76.3%
will
76.3%
seems
76.2%
find
76.2%
find.
76.2%
long
75.6%
day
75.1%
be
74.9%
can't
74.7%
% Correct
can't
74.7%
cry.
72.9%
laugh
72.4%
frowning
71.9%
Oh,
70.6%
if
70.4%
brain?
70.3%
too
69.9%
yeah
69.4%
don't
69.1%
I'll
69%
lose
68.8%
make
67.9%
Make
67.9%
it's
67.6%
is
67.5%
joke
66.5%
wish
65.4%
late.
65.3%
tell
64.3%
something
64%
couldn't
63.8%
love
63.7%
happiness,
63.4%
Happiness
63.4%
unreal.
63.2%
sigh
62.4%
need
61.8%
cannot
61.3%
show
60.7%
someone
60.6%
feel,
59.1%
enjoy
58.1%
must
57.6%
hear
57.6%
blind.
57.2%
these
55%
as
54.7%
words
54.1%
now
52.8%
pacify.
52.6%
true
49.4%
occupy
46.3%
telling
46%
state.
40%

You're not logged in!

Compare scores with friends on all Sporcle quizzes.
OR
Log In

Sporcle TV

Today on Sporcle TV


Watch our educational content, quiz creation guides, and fun videos on Sporcle TV.

Show Comments

Extras

Top Quizzes Today


Score Distribution

Your Account Isn't Verified!

In order to create a playlist on Sporcle, you need to verify the email address you used during registration. Go to your Sporcle Settings to finish the process.

Report this User

Report this user for behavior that violates our Community Guidelines.

Details: